000 00843nam a2200301 b 4500
001 0000626
003 DO-SdBNP
005 20180131154535.0
007 0000626
008 050617 2005 cr spa
017 _a
_b
020 _a9977473188
035 _a
040 _aBPMSU
_bspa
_cBPMSU
_e
092 _a380.1
_bS849m
100 1 _aStewart Whitehorn, Rigoberto
245 1 3 _aLa magia y el misterio del comercio /
_h
_cRigoberto Stewart Whitehorn
260 _aSan José, Costa Rica :
_bInstituto para la libertad y el análisis de politicas,
_c2005.
300 _a232 p. :
_c23 cm
490 1 _aCELIDE
_v1
490 1 _aINLAP
_v3
500 _aIncluye notas a pie de paginas.
830 0 _aCELIDE
_n1
830 0 _aINLAP
_n3
942 _2ddc
_cBK
945 _aInventariado, 2018 / BT
956 _aYLOCKWARD
_b10
_cBPMSU
999 _c11229
_d11229